| 000 | 00479nam a2200157 a 4500 | ||
|---|---|---|---|
| 001 | 000027055 | ||
| 005 | 20210326154637.0 | ||
| 008 | 110329s1984 dr a 001 0 spa d | ||
| 040 |
_aDO-SdBNP _bspa _cBNPHU |
||
| 082 |
_axxxx _bP762e |
||
| 100 |
_aPolanco Brito, Hugo E. _97924 |
||
| 245 | 1 | 0 |
_aExvotos y milagros del santuario de Higüey. / _cArz. Hugo E. Polanco Brito. |
| 260 |
_aSanto Domingo . : _bBanco Central, _c1984. |
||
| 300 |
_a160 p. : _bil. ; _c28 cm. |
||
| 049 | _aBNPD | ||
| 999 |
_c26547 _d26547 |
||